00290nam a2200133Ia 4500003000900000008004100009040001300050040001300063100002400076245002800100260001400128300000800142490000600150IT-RoPAU120407s9999 xx 000 0 und d aIT-RoPAU cIT-RoPAU aErasmo da Rotterdam aRitratti di Thomas More aLa Scuola c cm v1